[Event "11th Vellmar Open 2019"]
[Site "Vellmar GER"]
[Date "2019.07.07"]
[Round "7.7"]
[White "Nilsson,Anders1"]
[Black "Toepfer,Albrecht"]
[Result "1-0"]
[WhiteTitle "CM"]
[WhiteElo "2225"]
[BlackElo "2043"]
[WhiteFideId "1705423"]
[BlackFideId "12924067"]
[EventDate "2019.07.04"]

1. d4 Nf6 2. c4 c5 3. d5 b5 4. a4 b4 5. Nd2 e5 6. e4 d6 7. g3 g6 8. Bg2 Nbd7 9.
Ngf3 a5 10. O-O Qe7 11. Qc2 Bh6 12. b3 Kd8 13. Bb2 Kc7 14. Ne1 Bxd2 15. Qxd2 Ne8
16. Nd3 f6 17. Rad1 Kb6 18. f4 Ra7 19. Qf2 Rc7 20. Rd2 h5 21. h4 Rg8 22. Rfd1
Qg7 23. Bh3 Nb8 24. Bxc8 Rxc8 25. Kh2 Nd7 26. Qg2 Qe7 27. Rf2 Ng7 28. Rdf1 Rcf8
29. Ba1 Ne8 30. Rd1 Rf7 31. Re2 Rh7 32. Qh3 Rf7 33. Qe6 Nc7 34. Qh3 Ne8 35. Bb2
Rh7 36. Bc1 Rf7 37. Bb2 Rh7 38. Qg2 Rf8 39. Qg1 Rg8 40. Bc1 Rf7 41. Qe1 Nc7 42.
Be3 Na6 43. Qg1 Rh7 44. Rf1 Rf7 45. Qg2 Rgf8 46. Bc1 Nc7 47. Ref2 Ne8 48. Bb2
Rh7 49. Re1 Rhf7 50. Qf1 Rh7 51. Qh3 Rg8 52. Ree2 Rf7 53. Kg1 Rfg7 54. Kf1 Rh7
55. Ke1 Rf7 56. Kd1 Rh7 57. Kc1 Rgh8 58. Kb1 Rg8 59. Ka2 Rgh8 60. Qf1 Rg8 61.
Qe1 Nc7 62. Re3 Rhg7 63. Ref3 Rh8 64. fxe5 fxe5 65. Bc1 Rf8 66. Bg5 Qe8 67. Qf1
Rxf3 68. Rxf3 Rh7 69. Ne1 Kb7 70. Nc2 Kc8 71. Kb2 Qg8 72. Ne3 Ne8 73. g4 hxg4
74. Nxg4 Kc7 75. Nh6 Qh8 76. Nf7 Qg8 77. Nd8 Ng7 78. Nc6 Nh5 79. Nxa5 Nf4 80.
Nc6 Rf7 81. Nd8 Rf8 82. Bxf4 Rxf4 83. Ne6+ Kb6 84. Nxf4 exf4 85. Rxf4 Qh8+ 86.
Ka2 Qd4 87. Qf2 Qd1 88. Rf3 Ne5 89. Rg3 Nd3 90. Rxd3 Qxd3 91. e5 dxe5 92. Qf6+
Kb7 93. Qxe5 Ka7 94. Qe7+ Ka8 95. Qf8+ Kb7 96. Qg7+ Ka6 97. Qf6+ Kb7 98. Qf2 Kb6
99. a5+ Ka6 100. Qf6+ Kxa5 101. Qd8+ Ka6 102. Qa8+ Kb6 103. Qb8+ Ka6 104. Qb5+
Ka7 105. Qxc5+ Ka8 106. Qa5+ 1-0

[Event "11th Vellmar Open 2019"]
[Site "Vellmar GER"]
[Date "2019.07.07"]
[Round "7.8"]
[White "Wiley,To"]
[Black "Carroll,Peter"]
[Result "0-1"]
[WhiteTitle "FM"]
[WhiteElo "2162"]
[BlackElo "2032"]
[WhiteFideId "401765"]
[BlackFideId "2510243"]
[EventDate "2019.07.04"]

1. d4 Nf6 2. c4 e6 3. Nc3 Bb4 4. Qc2 O-O 5. e4 d6 6. Bd3 e5 7. d5 Nbd7 8. f3 Nh5
9. Ne2 Nc5 10. Bd2 f5 11. O-O-O Nf4 12. Nxf4 exf4 13. a3 fxe4 14. fxe4 Nxd3+ 15.
Qxd3 Bc5 16. Rdf1 Qg5 17. Rxf4 Qxg2 18. Rxf8+ Kxf8 19. Qf1+ Qxf1+ 20. Rxf1+ Kg8
21. b4 Bd4 22. Nb5 Be5 23. Bf4 Bh3 24. Rf3 Bg4 25. Rf2 Rf8 26. Be3 Rxf2 27. Bxf2
Bxh2 28. Kd2 h5 0-1

[Event "11th Vellmar Open 2019"]
[Site "Vellmar GER"]
[Date "2019.07.07"]
[Round "7.9"]
[White "Zahn,R"]
[Black "Jensen,JB"]
[Result "1/2-1/2"]
[WhiteElo "2051"]
[BlackElo "2173"]
[WhiteFideId "4681690"]
[BlackFideId "1401513"]
[EventDate "2019.07.04"]

1. d4 Nf6 2. e3 g6 3. f4 Bg7 4. Nf3 O-O 5. c3 d6 6. Bc4 Nbd7 7. O-O c5 8. Qe2
Rb8 9. Nbd2 d5 10. Bd3 c4 11. Bc2 b5 12. a3 Bb7 13. e4 dxe4 14. Ng5 Qc7 15.
Ndxe4 Rbe8 16. f5 Qc6 17. Ng3 e5 18. fxe6 fxe6 19. Be4 Nxe4 20. Rxf8+ Rxf8 21.
Qxe4 Qxe4 22. N5xe4 e5 23. Be3 exd4 24. Bxd4 Bxd4+ 25. cxd4 a5 26. Nd6 Bc6 27.
d5 Bxd5 28. Nxb5 Rb8 29. Nc3 Bc6 30. Rd1 Rxb2 31. Nge2 Ne5 32. Rd4 a4 1/2-1/2

[Event "11th Vellmar Open 2019"]
[Site "Vellmar GER"]
[Date "2019.07.07"]
[Round "7.10"]
[White "Boder,Jan"]
[Black "Krueger,N"]
[Result "1-0"]
[WhiteElo "2116"]
[BlackElo "1958"]
[WhiteFideId "16243226"]
[BlackFideId "4633245"]
[EventDate "2019.07.04"]

1. b3 b6 2. Bb2 Bb7 3. e3 c5 4. f4 Nf6 5. Nf3 g6 6. Be2 Bg7 7. O-O O-O 8. d3 d5
9. Ne5 Nc6 10. Nd2 Nxe5 11. Bxe5 Nd7 12. Bxg7 Kxg7 13. f5 e6 14. fxe6 fxe6 15.
Bg4 e5 16. Bxd7 Qxd7 17. Qe2 Qe7 18. a3 e4 19. dxe4 dxe4 20. Rxf8 Rxf8 21. Rd1
Rd8 22. Nb1 h6 23. Rxd8 Qxd8 24. Qd2 Qe7 25. c4 g5 26. Nc3 Bc6 27. Ne2 Kf6 28.
h4 Kg6 29. b4 b5 30. Qc3 cxb4 31. axb4 bxc4 32. Qxc4 Bb7 33. hxg5 hxg5 34. Nd4
Qd7 35. Qg8+ Kf6 36. Qh8+ Kg6 37. Qe5 Qd5 38. Qe8+ Kf6 39. Qf8+ Kg6 40. Qe8+ Kf6
41. Qh5 Kg7 42. Qh2 Kg6 43. Qb8 a6 44. Qc7 Kh6 45. Qe7 Kg6 46. Qc7 Kh6 47. Kh2
Kg6 48. Qb6+ Kh7 49. Kg1 Bc8 50. Qf6 Kg8 51. Kh1 Kh7 52. Kh2 Kg8 53. Nc6 Qe6 54.
Qxg5+ Kh7 55. Ne5 Bd7 56. Kg3 Bb5 57. Kf4 Bd3 58. Qf5+ Qxf5+ 59. Kxf5 Kg7 60.
Nd7 1-0

[Event "11th Vellmar Open 2019"]
[Site "Vellmar GER"]
[Date "2019.07.07"]
[Round "7.11"]
[White "Krause,Ma2"]
[Black "Cherny,A"]
[Result "0-1"]
[WhiteElo "1951"]
[BlackElo "2188"]
[WhiteFideId "24615889"]
[BlackFideId "4688473"]
[EventDate "2019.07.04"]

1. e4 c5 2. Nc3 Nc6 3. Bb5 e5 4. d3 d6 5. a4 Bd7 6. Nge2 h6 7. O-O g5 8. Nd5 Nf6
9. c3 Nxd5 10. exd5 Ne7 11. Bc4 Bg7 12. d4 cxd4 13. cxd4 Rc8 14. b3 e4 15. Ng3
f5 16. Nh5 O-O 17. Nxg7 Kxg7 18. Qe1 a5 19. Ba3 Rf6 20. f3 exf3 21. Rxf3 f4 22.
Rf2 Nf5 23. Bc1 Qb6 24. Raa2 Re8 25. Rae2 Rff8 26. Re6 Bxe6 27. dxe6 Kf6 28. Qe4
d5 29. Qe5+ Kg6 30. Qxd5 Qxd4 31. Qxb7 Re7 32. Qa6 Ne3 33. Bd3+ Kh5 34. Be2+ f3
35. gxf3 Ng4 36. fxg4+ Kh4 37. Bf3 Rxf3 38. Qe2 Qxf2+ 39. Qxf2+ Rxf2 40. Kxf2
Rxe6 41. Bd2 Rb6 42. Bxa5 Rxb3 43. Be1 Kxg4 44. Kg2 Ra3 45. a5 h5 46. Bb4 Ra2+
47. Kh1 Kf3 48. Bc5 Rxa5 49. Bd4 Ra4 50. Bc5 Ra1+ 51. Bg1 g4 52. h4 Rxg1+ 0-1

[Event "11th Vellmar Open 2019"]
[Site "Vellmar GER"]
[Date "2019.07.07"]
[Round "7.12"]
[White "Yaghy,Ritta."]
[Black "Gramb,Marius"]
[Result "1/2-1/2"]
[WhiteElo "1912"]
[BlackElo "2164"]
[WhiteFideId "7603266"]
[BlackFideId "24656593"]
[EventDate "2019.07.04"]

1. e4 c5 2. Nf3 d6 3. d4 cxd4 4. Nxd4 Nf6 5. Nc3 a6 6. Be3 e6 7. Be2 Nbd7 8. Qd2
b5 9. f3 Bb7 10. O-O Be7 11. a4 b4 12. Na2 a5 13. c3 bxc3 14. Nxc3 O-O 15. Rac1
d5 16. exd5 Nxd5 17. Nxd5 Bxd5 18. Nc6 Bxc6 19. Rxc6 Ne5 20. Qxd8 Rfxd8 21. Rc2
Bb4 22. Bb6 Rdc8 23. Rfc1 Rxc2 24. Rxc2 Nd7 1/2-1/2

[Event "11th Vellmar Open 2019"]
[Site "Vellmar GER"]
[Date "2019.07.07"]
[Round "7.13"]
[White "Simukov,Erik"]
[Black "Hahn,F"]
[Result "1/2-1/2"]
[WhiteElo "1893"]
[BlackElo "2138"]
[WhiteFideId "12995380"]
[BlackFideId "24659720"]
[EventDate "2019.07.04"]

1. e4 c5 2. Nf3 g6 3. d4 cxd4 4. Nxd4 Nc6 5. c4 Nf6 6. Nc3 d6 7. Be2 Nxd4 8.
Qxd4 Bg7 9. Be3 O-O 10. Qd1 a5 1/2-1/2

[Event "11th Vellmar Open 2019"]
[Site "Vellmar GER"]
[Date "2019.07.07"]
[Round "7.14"]
[White "Wiegand,C"]
[Black "Lesny,Florian"]
[Result "1/2-1/2"]
[WhiteElo "1975"]
[BlackElo "2034"]
[WhiteFideId "4675231"]
[BlackFideId "12973874"]
[EventDate "2019.07.04"]

1. e4 c5 2. Nf3 d6 3. Bb5+ Bd7 4. Bxd7+ Qxd7 5. c4 Nc6 6. Nc3 g6 7. d4 cxd4 8.
Nxd4 Bg7 9. Be3 Nf6 10. f3 O-O 11. O-O e6 12. Qd2 Rfd8 13. Rad1 d5 14. cxd5 exd5
15. Nxc6 bxc6 16. e5 Ne8 17. f4 f6 18. Qf2 fxe5 19. fxe5 Nc7 20. Bxa7 Bxe5 21.
Bd4 Bxd4 22. Qxd4 Ne6 1/2-1/2

[Event "11th Vellmar Open 2019"]
[Site "Vellmar GER"]
[Date "2019.07.07"]
[Round "7.15"]
[White "Werner,Mart"]
[Black "Engel,Robert"]
[Result "0-1"]
[WhiteElo "2001"]
[BlackElo "2054"]
[WhiteFideId "4607970"]
[BlackFideId "12974684"]
[EventDate "2019.07.04"]

1. d4 Nf6 2. Bg5 d5 3. Nc3 Nbd7 4. f3 h6 5. Bf4 c5 6. e4 dxe4 7. dxc5 e5 8. Be3
Bxc5 9. Bxc5 Nxc5 10. Qxd8+ Kxd8 11. b4 Ne6 12. fxe4 Nd4 13. O-O-O Bg4 14. Be2
Rc8 15. Kb2 Bxe2 16. Ngxe2 Nxe4 17. Nxd4 Nxc3 18. Nc6+ Kc7 19. Kxc3 Kxc6 20. a4
Rhd8 21. Rhe1 Rd5 22. Rxd5 Kxd5+ 23. Kd3 f5 24. c4+ Rxc4 25. Rxe5+ Kxe5 26. Kxc4
g5 0-1

[Event "11th Vellmar Open 2019"]
[Site "Vellmar GER"]
[Date "2019.07.07"]
[Round "7.16"]
[White "Fuss,Jean-Pierre"]
[Black "Rempel,P"]
[Result "1-0"]
[WhiteElo "1957"]
[BlackElo "2119"]
[WhiteFideId "16232240"]
[BlackFideId "4657632"]
[EventDate "2019.07.04"]

1. Nf3 Nf6 2. g3 g6 3. Bg2 Bg7 4. O-O O-O 5. c4 d6 6. Nc3 Nc6 7. d3 e5 8. Bg5 h6
9. Bxf6 Bxf6 10. Rb1 Bg7 11. b4 Ne7 12. Nd2 c6 13. b5 d5 14. bxc6 bxc6 15. cxd5
cxd5 16. Qb3 Be6 17. Qa3 Rc8 18. Rb7 Nf5 19. Rc1 a5 20. Nb5 Qg5 21. Rxc8 Rxc8
22. Qxa5 Rc1+ 23. Nf1 Ne3 24. Rb8+ Kh7 25. h4 Qg4 26. Qd2 Rxf1+ 27. Bxf1 Nxf1
28. Kxf1 d4 29. Nc7 Bd7 30. Qc2 Qh3+ 31. Kg1 g5 32. hxg5 h5 33. Qc4 h4 34. Qxf7
hxg3 35. Qg8+ Kg6 36. Rb6+ 1-0

[Event "11th Vellmar Open 2019"]
[Site "Vellmar GER"]
[Date "2019.07.07"]
[Round "7.17"]
[White "Weiss,J"]
[Black "Moeckel,Jens"]
[Result "1/2-1/2"]
[WhiteElo "2097"]
[BlackElo "1859"]
[WhiteFideId "24677663"]
[BlackFideId "16202830"]
[EventDate "2019.07.04"]

1. c4 g6 2. Nc3 Bg7 3. d4 d6 4. e4 Nc6 5. Nge2 e5 6. Be3 exd4 7. Nxd4 Nge7 8.
Qd2 O-O 9. f3 f5 10. exf5 Nxd4 11. Bxd4 Bxd4 12. Qxd4 Nxf5 13. Qd5+ Rf7 14. Qd2
Qh4+ 15. Qf2 Re7+ 16. Ne4 Bd7 17. Qxh4 Nxh4 18. Kf2 Rf8 19. Bd3 Bc6 20. Rhe1 Kg7 1/2-1/2

[Event "11th Vellmar Open 2019"]
[Site "Vellmar GER"]
[Date "2019.07.07"]
[Round "7.18"]
[White "Windelband,J"]
[Black "Hilgert,V"]
[Result "1-0"]
[WhiteElo "2075"]
[BlackElo "1870"]
[WhiteFideId "4663845"]
[BlackFideId "24628484"]
[EventDate "2019.07.04"]

1. e4 c5 2. Nf3 d6 3. d4 cxd4 4. Nxd4 Nf6 5. Nc3 g6 6. Be3 Bg7 7. Bc4 O-O 8. f3
Nc6 9. Qd2 Bd7 10. O-O-O Rc8 11. Bb3 Ne5 12. h4 Nc4 13. Bxc4 Rxc4 14. h5 Qa5 15.
Nb3 Qc7 16. hxg6 fxg6 17. Bh6 Rf7 18. Bxg7 Rxg7 19. Kb1 Be8 20. Rhe1 a6 21. f4
Bf7 22. e5 dxe5 23. fxe5 Be6 1-0

[Event "11th Vellmar Open 2019"]
[Site "Vellmar GER"]
[Date "2019.07.07"]
[Round "7.19"]
[White "Braun,I"]
[Black "Schmid,Anton"]
[Result "1-0"]
[WhiteElo "2050"]
[BlackElo "1738"]
[WhiteFideId "24657816"]
[BlackFideId "12910783"]
[EventDate "2019.07.04"]

1. g3 d5 2. d3 Nf6 3. Nf3 Nc6 4. Bg2 e5 5. c4 d4 6. O-O Be7 7. Na3 O-O 8. Nc2
Bg4 9. Bd2 a5 10. a3 Re8 11. Rb1 Bf8 12. b4 axb4 13. axb4 Qd7 14. b5 Na5 15. Ra1
e4 16. Rxa5 exf3 17. Bxf3 Bxf3 18. exf3 Rad8 19. Kg2 c5 20. Bg5 Qf5 21. Bxf6
Qxf6 22. Re1 g5 23. Re4 Bd6 24. Ra7 b6 25. Qe2 Kf8 26. Na1 Qg6 27. Nb3 f5 28.
Rxe8+ Rxe8 29. Qa2 h5 30. Ra8 Bb8 31. Qa6 Qd6 32. Qb7 Kg8 33. Ra6 Bc7 34. Ra7
Re7 35. Qc8+ Qd8 36. Rxc7 1-0

[Event "11th Vellmar Open 2019"]
[Site "Vellmar GER"]
[Date "2019.07.07"]
[Round "7.20"]
[White "Maar,Samuel"]
[Black "Ruhl,Marcel"]
[Result "1-0"]
[WhiteElo "1998"]
[BlackElo "1653"]
[WhiteFideId "12952591"]
[BlackFideId "12960195"]
[EventDate "2019.07.04"]

1. e4 e5 2. Nf3 Nf6 3. d3 Nc6 4. Be2 d6 5. O-O Be7 6. c3 O-O 7. h3 d5 8. exd5
Qxd5 9. Be3 Bf5 10. d4 exd4 11. Nxd4 Nxd4 12. Bxd4 c6 13. Re1 Rfe8 14. Nd2 Rad8
15. Bc4 Qd7 16. Nf3 Nd5 17. Ne5 Qc7 18. Ng4 Qf4 19. Bxd5 Rxd5 20. Ne3 Rdd8 21.
Qa4 Bxh3 22. gxh3 c5 23. Ng2 1-0

[Event "11th Vellmar Open 2019"]
[Site "Vellmar GER"]
[Date "2019.07.07"]
[Round "7.21"]
[White "Heinelt,M"]
[Black "Wecke,T"]
[Result "1/2-1/2"]
[WhiteElo "2101"]
[BlackElo "1901"]
[WhiteFideId "4656695"]
[BlackFideId "24600342"]
[EventDate "2019.07.04"]

1. d4 d6 2. c4 e5 3. Nf3 e4 4. Nfd2 f5 5. g3 Nf6 6. Bg2 c6 7. O-O Be7 8. Qb3 Na6
9. f3 d5 10. cxd5 cxd5 11. Nc3 Nc7 12. Rd1 Be6 13. Nf1 O-O 14. Bf4 Bd6 1/2-1/2

[Event "11th Vellmar Open 2019"]
[Site "Vellmar GER"]
[Date "2019.07.07"]
[Round "7.22"]
[White "Hourigan,Gerrit"]
[Black "Tietze,M"]
[Result "1-0"]
[WhiteElo "2037"]
[BlackElo "1867"]
[WhiteFideId "16204174"]
[BlackFideId "4676335"]
[EventDate "2019.07.04"]

1. d4 d6 2. e4 Nf6 3. Nc3 g6 4. f4 Bg7 5. Nf3 d5 6. e5 Ng8 7. Be3 Nh6 8. h3 Nf5
9. Bf2 h5 10. Bd3 c6 11. Qd2 Qb6 12. O-O-O Na6 13. a3 Bd7 14. Na4 Qd8 15. Bxa6
bxa6 16. Nc5 Qb6 17. Qd3 Rb8 18. b3 a5 19. g4 hxg4 20. hxg4 Rxh1 21. Rxh1 Nh6
22. e6 Bc8 23. exf7+ Kf8 24. Qxg6 1-0

[Event "11th Vellmar Open 2019"]
[Site "Vellmar GER"]
[Date "2019.07.07"]
[Round "7.23"]
[White "Schnegelsberg,K"]
[Black "Reinhardt,Johannes"]
[Result "0-1"]
[WhiteElo "2043"]
[BlackElo "1838"]
[WhiteFideId "4653335"]
[BlackFideId "12928283"]
[EventDate "2019.07.04"]

1. Nf3 Nf6 2. g3 c5 3. Bg2 Nc6 4. O-O d5 5. d3 e5 6. Nbd2 Be7 7. e4 dxe4 8. dxe4
O-O 9. Re1 Qc7 10. c3 b6 11. Qe2 a5 12. a4 Ba6 13. Nc4 Rad8 14. Bf1 Bxc4 15.
Qxc4 Rd6 16. Nh4 g6 17. Ng2 Rfd8 18. Ne3 Bf8 19. Be2 Qc8 20. Kg2 h5 21. h4 Ne7
22. f3 Qb7 23. Qb5 Qa8 24. Nc4 Nxe4 25. Nxd6 Nxd6 26. Qxb6 Nef5 27. Qb3 e4 28.
Bg5 c4 29. Qa2 Nxg3 30. Kxg3 Qb8 31. Kg2 Nf5 32. f4 Rd2 33. Kh3 Qb6 34. Rg1 Qe3+ 0-1

[Event "11th Vellmar Open 2019"]
[Site "Vellmar GER"]
[Date "2019.07.07"]
[Round "7.24"]
[White "Powalla,Christian"]
[Black "Pfitzenreuter,G"]
[Result "1-0"]
[WhiteElo "1816"]
[BlackElo "2049"]
[WhiteFideId "24658413"]
[BlackFideId "4672380"]
[EventDate "2019.07.04"]

1. e4 c5 2. c3 Nf6 3. e5 Nd5 4. d4 cxd4 5. Nf3 e6 6. cxd4 d6 7. Bc4 Nc6 8. O-O
dxe5 9. Nxe5 Be7 10. Nxc6 bxc6 11. Nc3 O-O 12. Ne4 Nb6 13. Bb3 Ba6 14. Re1 Bc4
15. Bc2 Nd7 16. Qh5 f5 17. Ng5 Nf6 18. Qd1 Bb4 19. Bd2 Bxd2 20. Qxd2 Qd6 21. Qc3
Bd5 22. Bb3 Rfe8 23. Bxd5 Nxd5 24. Qc4 h6 25. Nf3 Rab8 26. b3 Rb4 27. Qa6 Qc7
28. Rac1 Rb6 29. Qc4 Re7 30. Ne5 Rb4 31. Qxc6 Rxd4 32. Qa8+ 1-0

[Event "11th Vellmar Open 2019"]
[Site "Vellmar GER"]
[Date "2019.07.07"]
[Round "7.25"]
[White "Wachsmann,Elmar"]
[Black "Knudsen,M"]
[Result "0-1"]
[WhiteElo "1784"]
[BlackElo "2021"]
[WhiteFideId "12973947"]
[BlackFideId "1406523"]
[EventDate "2019.07.04"]

1. d4 Nf6 2. c4 e6 3. Nc3 d5 4. cxd5 exd5 5. Bg5 Be7 6. e3 O-O 7. Qc2 c6 8. Bd3
h6 9. Bh4 Re8 10. Nge2 Ne4 11. Bxe7 Qxe7 12. Bxe4 dxe4 13. O-O f5 14. Rab1 Na6
15. b4 Be6 16. b5 cxb5 17. Rxb5 b6 18. Rc1 Nb4 19. Qd2 Nd3 20. Rcb1 Qf7 21. Rd1
Bc4 22. Rbb1 g5 23. Nb5 Qd7 24. Na3 Ba6 25. Nc1 Qa4 26. Nxd3 exd3 27. Rb3 Rac8
28. h3 Re7 29. Rc1 Rec7 30. Rbc3 Qb4 31. Nb1 Rc4 32. a3 Rxc3 33. Nxc3 Qxa3 34.
e4 fxe4 35. h4 Qe7 36. Qa2+ Bc4 37. Qd2 Bf7 38. Rb1 Qd7 39. hxg5 Qxd4 40. Nd1
Kh7 41. gxh6 Qf6 42. Qe3 Bg6 43. Rb5 Qa1 44. Qg5 Qxd1+ 45. Kh2 Qh5+ 0-1

[Event "11th Vellmar Open 2019"]
[Site "Vellmar GER"]
[Date "2019.07.07"]
[Round "7.26"]
[White "Rouditser,Benjamin"]
[Black "Ehrlich,K"]
[Result "0-1"]
[WhiteElo "1815"]
[BlackElo "2006"]
[WhiteFideId "12987069"]
[BlackFideId "24666530"]
[EventDate "2019.07.04"]

1. d4 Nf6 2. c4 g6 3. f3 Bg7 4. e4 d6 5. Nc3 O-O 6. Nge2 c5 7. Be3 Nc6 8. Qd2
Na5 9. Nf4 cxd4 10. Bxd4 e5 11. Be3 exf4 12. Bxf4 Re8 13. Bxd6 Bf8 14. O-O-O
Bxd6 15. Qxd6 Qxd6 16. Rxd6 Re6 17. Rd8+ Kg7 18. c5 Nc6 19. Rd2 Nd7 20. Nb5 Re5
21. Rd5 Nxc5 22. f4 Rxd5 23. exd5 Nb4 24. Bc4 Bf5 25. Kd2 Rd8 26. Nc7 Ne4+ 27.
Ke3 Rc8 28. g4 Rxc7 29. Bb3 Re7 30. Kd4 Bxg4 31. Re1 f5 32. Ba4 Nxd5 33. Rf1 Nb6
34. Bb3 Kf6 35. a4 Rd7+ 36. Ke3 Nc5 37. a5 Rd3+ 0-1

[Event "11th Vellmar Open 2019"]
[Site "Vellmar GER"]
[Date "2019.07.07"]
[Round "7.27"]
[White "Lehmann,Tim"]
[Black "Huneck,Frank"]
[Result "1-0"]
[WhiteElo "1967"]
[BlackElo "1788"]
[WhiteFideId "12979171"]
[BlackFideId "24663824"]
[EventDate "2019.07.04"]

1. d4 Nf6 2. Bf4 d6 3. Nc3 Nbd7 4. Nf3 g6 5. e4 Nh5 6. Bg5 h6 7. Bh4 Bg7 8. Bc4
Nb6 9. Bb3 Bg4 10. a4 g5 11. h3 Be6 12. Bxe6 fxe6 13. Bg3 Nxg3 14. fxg3 a5 15.
O-O O-O 16. Ne2 Nd7 17. g4 Nf6 18. Ng3 d5 19. e5 Nd7 20. Nh5 Qe8 21. Qd3 c6 22.
Rf2 c5 23. c3 c4 24. Qc2 Rf7 25. Raf1 Ra6 26. Nxg5 Rf5 27. Nxg7 1-0

[Event "11th Vellmar Open 2019"]
[Site "Vellmar GER"]
[Date "2019.07.07"]
[Round "7.28"]
[White "Bornholdt,Joa Max"]
[Black "Powalla,K"]
[Result "1-0"]
[WhiteElo "1710"]
[BlackElo "1944"]
[WhiteFideId "16253477"]
[BlackFideId "24650668"]
[EventDate "2019.07.04"]

1. d4 Nf6 2. c4 b6 3. f3 e6 4. e4 Nxe4 5. fxe4 Qh4+ 6. Ke2 Qxe4+ 7. Be3 d5 8.
Nc3 Qf5 9. Ke1 dxc4 10. Qf3 Qxf3 11. Nxf3 Ba6 12. a4 c6 13. Kf2 f6 14. Be2 b5
15. axb5 cxb5 16. Nd2 b4 17. Bf3 1-0

[Event "11th Vellmar Open 2019"]
[Site "Vellmar GER"]
[Date "2019.07.07"]
[Round "7.29"]
[White "Ruhl,Moritz"]
[Black "Silini,Jalel"]
[Result "1/2-1/2"]
[WhiteElo "1890"]
[BlackElo "1650"]
[WhiteFideId "12960179"]
[BlackFideId "16215397"]
[EventDate "2019.07.04"]

1. Nf3 Nf6 2. g3 c5 3. Bg2 Nc6 4. c4 g6 5. O-O Bg7 6. Nc3 O-O 7. d4 cxd4 8. Nxd4
Nxd4 9. Qxd4 d6 10. Qd3 Nd7 11. b3 Nc5 12. Qd2 Bf5 13. Bb2 Qd7 14. e4 Be6 15.
Rad1 Rad8 16. Rfe1 Rfe8 17. Ba3 Qc7 18. Bb4 Na6 19. Nb5 Qb8 20. Bc3 Bxc3 21.
Qxc3 Nc7 22. Nd4 Qc8 23. Qa5 a6 24. Qb4 Bg4 25. f3 Bd7 26. Rc1 Ne6 27. Nxe6 Bxe6
28. Red1 Qc5+ 29. Qxc5 dxc5 30. Kf2 Rd4 31. Rxd4 cxd4 32. Rd1 Rd8 33. f4 b6 34.
Ke2 f6 35. Bf3 Bc8 36. Kd3 e5 37. Rc1 Bd7 38. b4 Rc8 39. Bd1 Kf7 40. Bb3 Ke7 41.
a4 Be6 42. b5 axb5 43. axb5 Ra8 44. Rb1 Kd6 45. Rb2 Kc5 46. Ra2 Rxa2 1/2-1/2

[Event "11th Vellmar Open 2019"]
[Site "Vellmar GER"]
[Date "2019.07.07"]
[Round "7.30"]
[White "Lenhardt,M"]
[Black "Poschadel,Andreas Gregor"]
[Result "1-0"]
[WhiteElo "2004"]
[BlackElo "1809"]
[WhiteFideId "4630211"]
[BlackFideId "16204948"]
[EventDate "2019.07.04"]

1. d4 d5 2. Nf3 Nf6 3. g3 e6 4. Bg2 Be7 5. O-O O-O 6. c4 c6 7. Nbd2 Nbd7 8. b3
b6 9. Qc2 Ba6 10. e4 Rc8 11. Bb2 c5 12. e5 Ne8 13. Rfd1 cxd4 14. Nxd4 b5 15.
Rac1 Nb6 16. Qb1 bxc4 17. Bf1 Bb4 18. Nxc4 dxc4 19. Nc6 Qxd1 20. Rxd1 Rxc6 21.
bxc4 Nxc4 22. Bc1 Ba5 23. Bxc4 Rxc4 24. Ba3 Bb6 25. Bxf8 Kxf8 26. Qxh7 Ke7 27.
Qd3 Bc5 28. Qd8+ Kf8 29. Qa5 Bb7 30. h4 Bd5 31. Qd2 Ra4 32. Qc2 Rc4 33. Qb2 Bb6
34. Rc1 Ra4 35. a3 Re4 36. Kh2 Bc7 37. f3 Re3 38. f4 Rb3 39. Qd4 Bb6 40. Qa4 Rf3
41. Qb4+ Kg8 42. Rc8 Rf2+ 43. Kh3 Be4 44. Rxe8+ Kh7 45. Qxe4+ 1-0

[Event "11th Vellmar Open 2019"]
[Site "Vellmar GER"]
[Date "2019.07.07"]
[Round "7.31"]
[White "Fuhrmeister,U"]
[Black "Wurst,Maximilian"]
[Result "1/2-1/2"]
[WhiteElo "2008"]
[BlackElo "1704"]
[WhiteFideId "24611778"]
[BlackFideId "16263740"]
[EventDate "2019.07.04"]

1. Nf3 Nf6 2. c4 e6 3. g3 d5 4. b3 Be7 5. Bb2 c5 6. cxd5 exd5 7. Bg2 b6 8. O-O
Bb7 9. d4 Nbd7 10. Nc3 O-O 11. Rc1 Re8 12. Qd3 h6 13. Rfd1 Bf8 14. e3 Qe7 15.
Re1 Ne4 16. Nd2 Rac8 17. Bh3 a6 18. Ncxe4 dxe4 19. Qb1 Rc7 20. dxc5 Nxc5 21. Ba3
Qd8 22. Bxc5 Rxc5 23. Rxc5 Bxc5 24. Rd1 Qf6 25. Bg2 1/2-1/2

[Event "11th Vellmar Open 2019"]
[Site "Vellmar GER"]
[Date "2019.07.07"]
[Round "7.32"]
[White "Muenk,Johannes"]
[Black "Spiess,Th"]
[Result "0-1"]
[WhiteElo "1685"]
[BlackElo "1986"]
[WhiteFideId "16241983"]
[BlackFideId "4646959"]
[EventDate "2019.07.04"]

1. d4 d5 2. Bf4 c5 3. e3 Nc6 4. c3 Bf5 5. Nd2 Qb6 6. Qb3 Nf6 7. Ngf3 c4 8. Qxb6
axb6 9. Be2 e6 10. O-O h6 11. b3 b5 12. a4 b4 13. Rfc1 bxc3 14. Rxc3 Bb4 15.
Rcc1 c3 16. Nb1 c2 17. Na3 Bc3 18. Ra2 Nb4 19. Raxc2 Nxc2 20. Nxc2 O-O 21. Nce1
Rfc8 22. Bb5 Bb4 23. Rc7 Rxc7 24. Bxc7 Rc8 25. Bb6 Rc1 26. Kf1 Bg4 27. Bc5 Bc3 0-1